[Event "SWE-ch 2018"]
[Site "Ronneby"]
[Date "2018.07.04"]
[Round "5"]
[White "Hector, Jonny"]
[Black "Tikkanen, Hans"]
[Result "0-1"]
[WhiteElo "2499"]
[BlackElo "2495"]
[Annotator "RC"]
[PlyCount "90"]
[EventDate "2018.06.30"]
[EventType "tourn"]
[EventCountry "SWE"]
[SourceTitle "playchess.com"]
[Source "ChessBase"]
[SourceQuality "1"]
[TimeControl "40/5400+30:1800+30"]

1. e4 {[%emt 0:00:00]} c6 {[%emt 0:00:00]} 2. d4 {[%emt 0:00:00]} d5 {[%emt 0:00:00]} 3. e5 {[%emt 0:00:13]} c5 {[%emt 0:00:00]} 4. dxc5 {[%emt 0:00:16]} e6 {[%emt 0:00:00]} 5. a3 {[%emt 0:00:22]} Bxc5 {[%emt 0:00:00]} 6. Nf3 {[%emt 0:00:41]} Ne7 {[%emt 0:00:14]} 7. b4 {[%emt 0:04:05]} Bb6 {[%emt 0:00:09]} 8. Bd3 {[%emt 0:00:24]} a5 {[%emt 0:08:00]} 9. b5 {[%emt 0:01:42]} Nd7 {[%emt 0:00:51]} 10. Bb2 {[%emt 0:04:40]} Ng6 {[%emt 0:06:09]} 11. O-O {[%emt 0:02:26]} Nc5 {[%emt 0:08:22]} 12. a4 {[%emt 0:03:41]} O-O {[%emt 0:05:57]} 13. Nbd2 {[%emt 0:04:44]} Nxd3 {[%emt 0:38:25]} 14. cxd3 {[%emt 0:01:24]} f6 {[%emt 0:00:04]} 15. exf6 {[%emt 0:10:12]} gxf6 {[%emt 0:00:02]} 16. d4 {[%emt 0:01:03]} Bc7 {[%emt 0:04:02]} 17. Re1 {[%emt 0:05:05]} b6 {[%emt 0:03:18]} 18. Ra3 {[%emt 0:06:10]} Ra7 {[%emt 0:00:28]} 19. g3 {[%emt 0:01:35]} Bb8 {[%emt 0:00:47]} 20. Rae3 {[%emt 0:01:39]} Re8 {[%emt 0:02:52]} 21. Nb3 {[%emt 0:03:00]} Rg7 {[%emt 0:04:44]} 22. Nc1 {[%emt 0:02:50]} h5 {[%emt 0:00:23]} 23. h4 {[%emt 0:06:34]} Ne7 {[%emt 0:04:04]} 24. Nh2 {[%emt 0:07:49]} Nf5 {[%emt 0:01:54]} 25. Rd3 {[%emt 0:02:03]} Nxh4 {[%emt 0:03:07]} 26. Qxh5 {[%emt 0:01:03]} Rh7 {[%emt 0:00:55]} 27. Qd1 {[%emt 0:05:49]} Kf7 {[%emt 0:01:55]} 28. Nf3 {[%emt 0:03:28]} Nf5 {[%emt 0:01:48]} 29. Ne2 {[%emt 0:05:47]} Reh8 {[%emt 0:00:41]} 30. Bc1 {[%emt 0:01:30]} Qg8 {[%emt 0:00:48]} 31. Kf1 {[%emt 0:03:50]} Rh1+ {[%emt 0:01:20]} 32. Neg1 {[%emt 0:00:40]} Bxg3 {[%emt 0:01:10]} 33. Ng5+ {[%emt 0:02:26]} fxg5 {[%emt 0:00:38]} 34. fxg3 {[%emt 0:00:44]} Qh7 {[%emt 0:00:13]} 35. Qf3 {[%emt 0:05:30]} g4 {[%emt 0:00:18]} 36. Qf2 {[%emt 0:00:24]} Ke8 {[%emt 0:02:44]} 37. Re2 {[%emt 0:03:20]} Bd7 {[%emt 0:01:10]} 38. Ke1 {[%emt 0:01:07]} Nd6 {[%emt 0:00:46]} 39. Rde3 {[%emt 0:00:29]} Ne4 {[%emt 0:00:39]} 40. Qg2 {[%emt 0:00:29]} Qe7 {[%emt 0:00:30]} 41. Ba3 {[%emt 0:04:52]} Qf6 {[%emt 0:12:48]} 42. Bb2 {[%emt 0:02:31]} Qf5 {[%emt 0:00:46]} 43. Bc1 {[%emt 0:04:33]} R8h7 {[%emt 0:03:33]} 44. Qf1 {[%emt 0:01:45]} Rf7 {[%emt 0:01:04]} 45. Qg2 {[%emt 0:00:41]} Rh2 {[%emt 0:00:18]} 0-1

[Event "SWE-ch 2018"]
[Site "Ronneby"]
[Date "2018.07.04"]
[Round "5"]
[White "Cramling, Pia"]
[Black "Von Bahr, Oskar"]
[Result "1/2-1/2"]
[WhiteElo "2452"]
[BlackElo "2434"]
[Annotator "ChessBase"]
[PlyCount "108"]
[EventDate "2018.06.30"]
[EventType "tourn"]
[EventCountry "SWE"]
[SourceTitle "playchess.com"]
[Source "ChessBase"]
[SourceQuality "1"]
[TimeControl "40/5400+30:1800+30"]

1. Nf3 {[%emt 0:00:00]} Nf6 {[%emt 0:00:00]} 2. c4 {[%emt 0:00:00]} c5 {[%emt 0:00:00]} 3. Nc3 {[%emt 0:00:07]} Nc6 {[%emt 0:00:00]} 4. g3 {[%emt 0:00:39]} g6 {[%emt 0:00:25]} 5. Bg2 {[%emt 0:00:08]} Bg7 {[%emt 0:00:04]} 6. d4 {[%emt 0:01:12]} cxd4 {[%emt 0:00:09]} 7. Nxd4 {[%emt 0:00:03]} O-O {[%emt 0:00:15]} 8. O-O {[%emt 0:00:34]} Qa5 {[%emt 0:01:25]} 9. Nb3 {[%emt 0:07:31]} Qh5 {[%emt 0:00:12]} 10. e4 {[%emt 0:02:39]} Qxd1 {[%emt 0:01:02]} 11. Rxd1 {[%emt 0:00:05]} d6 {[%emt 0:02:25]} 12. c5 {[%emt 0:06:05]} dxc5 {[%emt 0:18:01]} 13. Nxc5 {[%emt 0:00:14]} Bg4 {[%emt 0:08:36]} 14. f3 {[%emt 0:01:13]} Bc8 {[%emt 0:00:36]} 15. Be3 {[%emt 0:03:54]} b6 {[%emt 0:02:52]} 16. Nd3 {[%emt 0:02:47]} e5 {[%emt 0:08:16]} 17. Rac1 {[%emt 0:10:23]} Bb7 {[%emt 0:04:47]} 18. Nb5 {[%emt 0:07:35]} Rfd8 {[%emt 0:01:47]} 19. Nf2 {[%emt 0:06:33]} Ne8 {[%emt 0:01:21]} 20. a3 {[%emt 0:05:21]} a6 {[%emt 0:10:12]} 21. Nc3 {[%emt 0:00:26]} Nd4 {[%emt 0:00:44]} 22. Bxd4 {[%emt 0:01:04]} exd4 {[%emt 0:03:12]} 23. Na4 {[%emt 0:00:49]} Rab8 {[%emt 0:01:45]} 24. f4 {[%emt 0:06:39]} Nd6 {[%emt 0:04:10]} 25. e5 {[%emt 0:05:44]} Nf5 {[%emt 0:05:51]} 26. Bxb7 {[%emt 0:00:07]} Rxb7 {[%emt 0:00:04]} 27. Nd3 {[%emt 0:03:31]} f6 {[%emt 0:03:09]} 28. exf6 {[%emt 0:00:36]} Bxf6 {[%emt 0:00:06]} 29. Rc6 {[%emt 0:00:11]} Rd6 {[%emt 0:00:45]} 30. Rdc1 {[%emt 0:02:06]} Be7 {[%emt 0:06:57]} 31. Kf2 {[%emt 0:01:20]} a5 {[%emt 0:05:57]} 32. g4 {[%emt 0:03:15]} Ne3 {[%emt 0:01:25]} 33. Kf3 {[%emt 0:00:15]} Kf7 {[%emt 0:01:15]} 34. Ne5+ {[%emt 0:04:41]} Ke8 {[%emt 0:04:52]} 35. Ke4 {[%emt 0:04:23]} b5 {[%emt 0:01:21]} 36. Rxd6 {[%emt 0:03:37]} Bxd6 {[%emt 0:00:05]} 37. Rc8+ {[%emt 0:00:19]} Ke7 {[%emt 0:00:11]} 38. Nc5 {[%emt 0:01:31]} Rc7 {[%emt 0:02:16]} 39. Rxc7+ {[%emt 0:08:00]} Bxc7 {[%emt 0:00:01]} 40. Ncd3 {[%emt 0:00:12]} Bb6 {[%emt 0:01:44]} 41. h3 {[%emt 0:31:17]} Kd6 {[%emt 0:09:33]} 42. Nf7+ {[%emt 0:00:00]} Ke7 {[%emt 0:00:20]} 43. Ng5 {[%emt 0:00:00]} h5 {[%emt 0:03:31]} 44. gxh5 {[%emt 0:00:00]} gxh5 {[%emt 0:00:04]} 45. Nf3 {[%emt 0:00:00]} Kd6 {[%emt 0:01:19]} 46. Nfe5 {[%emt 0:00:00]} a4 {[%emt 0:01:49]} 47. f5 {[%emt 0:00:00]} Nc4 {[%emt 0:11:12]} 48. f6 {[%emt 0:00:00]} Nxe5 {[%emt 0:00:16]} 49. Nxe5 {[%emt 0:00:00]} Ke6 {[%emt 0:01:24]} 50. f7 {[%emt 0:00:00]} Bc5 {[%emt 0:00:10]} 51. Nd3 {[%emt 0:00:00]} Bf8 {[%emt 0:01:00]} 52. Kxd4 {[%emt 0:00:48]} h4 {[%emt 0:01:05]} 53. Ke4 {[%emt 0:04:47]} Bh6 {[%emt 0:01:12]} 54. Kd4 {[%emt 0:01:50]} Bf8 {[%emt 0:00:04]} 1/2-1/2

[Event "SWE-ch 2018"]
[Site "Ronneby"]
[Date "2018.07.04"]
[Round "5"]
[White "Seo, Jung Min"]
[Black "Westerberg, Jonathan"]
[Result "0-1"]
[WhiteElo "2347"]
[BlackElo "2517"]
[Annotator "ChessBase"]
[PlyCount "76"]
[EventDate "2018.06.30"]
[EventType "tourn"]
[EventCountry "SWE"]
[SourceTitle "playchess.com"]
[Source "ChessBase"]
[SourceQuality "1"]
[TimeControl "40/5400+30:1800+30"]

1. d4 {[%emt 0:00:00]} d5 {[%emt 0:00:37]} 2. Nf3 {[%emt 0:00:00]} e6 {[%emt 0:01:00]} 3. g3 {[%emt 0:00:08]} g6 {[%emt 0:00:51]} 4. Bg2 {[%emt 0:00:23]} Bg7 {[%emt 0:00:30]} 5. O-O {[%emt 0:00:47]} Ne7 {[%emt 0:00:53]} 6. c4 {[%emt 0:02:07]} O-O {[%emt 0:00:31]} 7. Nbd2 {[%emt 0:02:30]} Nbc6 {[%emt 0:00:29]} 8. e3 {[%emt 0:01:49]} a5 {[%emt 0:02:15]} 9. b3 {[%emt 0:14:41]} b6 {[%emt 0:18:15]} 10. Re1 {[%emt 0:15:14]} Ba6 {[%emt 0:04:59]} 11. cxd5 {[%emt 0:05:30]} exd5 {[%emt 0:01:35]} 12. a3 {[%emt 0:00:22]} Nf5 {[%emt 0:06:04]} 13. Bb2 {[%emt 0:04:21]} Nce7 {[%emt 0:08:21]} 14. Qc2 {[%emt 0:04:11]} Rc8 {[%emt 0:07:05]} 15. Rac1 {[%emt 0:01:28]} c6 {[%emt 0:10:15]} 16. Nb1 {[%emt 0:07:32]} c5 {[%emt 0:03:27]} 17. dxc5 {[%emt 0:02:23]} bxc5 {[%emt 0:00:34]} 18. Bxg7 {[%emt 0:02:29]} Nxg7 {[%emt 0:00:02]} 19. Rcd1 {[%emt 0:01:15]} Qc7 {[%emt 0:03:28]} 20. Nc3 {[%emt 0:01:47]} Rfd8 {[%emt 0:00:40]} 21. Rc1 {[%emt 0:03:08]} Ne6 {[%emt 0:08:16]} 22. Na4 {[%emt 0:01:18]} Bb5 {[%emt 0:01:57]} 23. Nc3 {[%emt 0:00:15]} Bc6 {[%emt 0:00:58]} 24. Qb2 {[%emt 0:02:38]} Qb8 {[%emt 0:00:34]} 25. Ne2 {[%emt 0:01:12]} d4 {[%emt 0:02:14]} 26. exd4 {[%emt 0:00:49]} Bxf3 {[%emt 0:00:41]} 27. Bxf3 {[%emt 0:00:05]} cxd4 {[%emt 0:00:07]} 28. Rxc8 {[%emt 0:02:21]} Qxc8 {[%emt 0:00:02]} 29. Rd1 {[%emt 0:01:14]} d3 {[%emt 0:04:47]} 30. Nc3 {[%emt 0:04:51]} Ng5 {[%emt 0:02:37]} 31. Bg2 {[%emt 0:08:47]} Qg4 {[%emt 0:00:50]} 32. Re1 {[%emt 0:01:12]} d2 {[%emt 0:02:56]} 33. Rxe7 {[%emt 0:06:37]} d1=Q+ {[%emt 0:00:09]} 34. Nxd1 {[%emt 0:00:01]} Rxd1+ {[%emt 0:00:10]} 35. Bf1 {[%emt 0:00:01]} Nh3+ {[%emt 0:00:16]} 36. Kg2 {[%emt 0:00:11]} Nf4+ {[%emt 0:00:05]} 37. Kg1 {[%emt 0:00:12]} Rxf1+ {[%emt 0:00:05]} 38. Kxf1 {[%emt 0:00:07]} Qh3+ {[%emt 0:00:01]} 0-1

[Event "SWE-ch 2018"]
[Site "Ronneby"]
[Date "2018.07.05"]
[Round "6"]
[White "Grandelius, Nils"]
[Black "Seo, Jung Min"]
[Result "1/2-1/2"]
[WhiteElo "2668"]
[BlackElo "2347"]
[Annotator "ChessBase"]
[PlyCount "81"]
[EventDate "2018.06.30"]
[EventType "tourn"]
[EventCountry "SWE"]
[SourceTitle "playchess.com"]
[Source "ChessBase"]
[SourceQuality "1"]
[TimeControl "40/5400+30:1800+30"]

1. e4 {[%emt 0:00:00]} e5 {[%emt 0:00:00]} 2. Nf3 {[%emt 0:00:12]} Nf6 {[%emt 0:00:00]} 3. d4 {[%emt 0:09:33]} Nxe4 {[%emt 0:00:03]} 4. Bd3 {[%emt 0:02:38]} d5 {[%emt 0:00:09]} 5. Nxe5 {[%emt 0:00:05]} Nd7 {[%emt 0:00:49]} 6. Nxd7 {[%emt 0:00:33]} Bxd7 {[%emt 0:01:28]} 7. Nc3 {[%emt 0:00:05]} Nxc3 {[%emt 0:14:47]} 8. bxc3 {[%emt 0:02:47]} Bd6 {[%emt 0:01:01]} 9. O-O {[%emt 0:12:04]} Qh4 {[%emt 0:04:34]} 10. g3 {[%emt 0:01:15]} Qe7 {[%emt 0:03:13]} 11. c4 {[%emt 0:14:26]} dxc4 {[%emt 0:02:31]} 12. Re1 {[%emt 0:00:50]} Be6 {[%emt 0:21:14]} 13. Bxc4 {[%emt 0:00:33]} O-O-O {[%emt 0:09:26]} 14. Bxe6+ {[%emt 0:01:40]} fxe6 {[%emt 0:00:10]} 15. Qg4 {[%emt 0:00:45]} Qd7 {[%emt 0:05:44]} 16. Bg5 {[%emt 0:06:23]} Rde8 {[%emt 0:01:02]} 17. Rab1 {[%emt 0:00:15]} h6 {[%emt 0:06:07]} 18. Be3 {[%emt 0:04:55]} h5 {[%emt 0:05:20]} 19. Qe4 {[%emt 0:02:57]} c6 {[%emt 0:00:40]} 20. Rb3 {[%emt 0:02:39]} h4 {[%emt 0:00:57]} 21. Reb1 {[%emt 0:00:44]} hxg3 {[%emt 0:00:11]} 22. hxg3 {[%emt 0:00:09]} b6 {[%emt 0:02:12]} 23. c4 {[%emt 0:05:23]} Bc7 {[%emt 0:01:41]} 24. c5 {[%emt 0:14:17]} Qd5 {[%emt 0:01:32]} 25. Qxd5 {[%emt 0:00:07]} exd5 {[%emt 0:00:07]} 26. cxb6 {[%emt 0:00:45]} axb6 {[%emt 0:00:46]} 27. Kg2 {[%emt 0:02:01]} Kd7 {[%emt 0:00:50]} 28. Bf4 {[%emt 0:03:01]} Bxf4 {[%emt 0:03:10]} 29. gxf4 {[%emt 0:00:01]} b5 {[%emt 0:03:03]} 30. Rg3 {[%emt 0:00:08]} Re7 {[%emt 0:01:10]} 31. a4 {[%emt 0:00:38]} Rb8 {[%emt 0:01:10]} 32. Rgb3 {[%emt 0:06:51]} Re4 {[%emt 0:00:21]} 33. axb5 {[%emt 0:00:04]} Rxb5 {[%emt 0:00:19]} 34. Rxb5 {[%emt 0:00:05]} cxb5 {[%emt 0:00:05]} 35. Rxb5 {[%emt 0:00:04]} Rxd4 {[%emt 0:00:07]} 36. Rb7+ {[%emt 0:00:11]} Ke6 {[%emt 0:00:23]} 37. Rxg7 {[%emt 0:00:07]} Rxf4 {[%emt 0:00:02]} 38. Kf1 {[%emt 0:00:08]} Ra4 {[%emt 0:00:35]} 39. Ke2 {[%emt 0:00:22]} Ra3 {[%emt 0:00:09]} 40. Rg5 {[%emt 0:00:13]} Rb3 {[%emt 0:00:06]} 41. Rh5 {[%emt 0:30:04] Ke5} 1/2-1/2

[Event "SWE-ch 2018"]
[Site "Ronneby"]
[Date "2018.07.05"]
[Round "6"]
[White "Westerberg, Jonathan"]
[Black "Hector, Jonny"]
[Result "1-0"]
[WhiteElo "2517"]
[BlackElo "2499"]
[Annotator "TA"]
[PlyCount "117"]
[EventDate "2018.06.30"]
[EventType "tourn"]
[EventCountry "SWE"]
[SourceTitle "playchess.com"]
[Source "ChessBase"]
[SourceQuality "1"]

{[%evp 17,117,-11,27,-4,-4,-13,-5,-7,10,-21,-9,-11,-8,-35,8,11,42,40,80,72,78,75,78,71,110,110,122,124,130,125,173,165,147,91,100,52,39,52,46,49,63,77,145,131,128,135,238,223,247,235,235,227,272,225,291,272,297,201,428,413,424,424,413,0,405,0,417,416,406,399,393,0,395,378,417,416,458,452,454,437,440,420,394,379,398,410,483,480,465,487,480,464,677,680,1081,852,1285,1203,1751,1806,1756,1655]} 1. e4 e5 2. Nf3 Nc6 3. Nc3 Nf6 4. d4 exd4 5. Nxd4 Bb4 6. Nxc6 bxc6 7. Bd3 d5 8. exd5 O-O {C47: Schottisches Vierspringerspiel} 9. O-O Bg4 {LiveBook: 3 Partien} (9... cxd5 {is more complex.} 10. Bf4 Bg4 11. Qc1 c5 12. h3 Bd7) (9... cxd5 10. Bg5 c6 11. Qf3 Bd6 12. Rae1 Rb8 13. Nd1 h6 14. Bxf6 Qxf6 15. Qxf6 gxf6 16. b3 Be6 17. Ne3 Bb4 18. Rd1 Rfe8 19. Nf5 Bxf5 20. Bxf5 Re5 21. f4 {½-½ (30) Wei,Y (2734)-Yu,Y (2759) Hangzhou 2018}) 10. Be2 (10. f3 $5 {[%cal Rf3g4]} Bd7 11. dxc6 Bxc6 12. Be3 $14) 10... Bxe2 {Die Stellung ist ausgeglichen.} 11. Qxe2 $146 ({Vorgänger:} 11. Nxe2 cxd5 12. Bg5 Re8 13. Nd4 Bc5 14. c3 h6 15. Bh4 Qd6 16. Nb5 Qb6 17. Bxf6 Qxb5 {0-1 (30) Liu,G (2445)-Wen,Y (2596) Hangzhou 2018}) 11... cxd5 12. Qf3 Qd7 13. b3 Rfe8 14. Bb2 Bd6 15. h3 d4 16. Na4 c5 17. Rad1 Rad8 18. c3 {[#]} d3 $1 {[%mdl 512]} 19. c4 $1 (19. Rxd3 Bh2+) 19... Ne4 20. Nc3 $1 {[%cal Rc3e4]} Nxc3 21. Bxc3 Bc7 22. Rd2 $1 Qd6 {[%csl Gc7][%cal Rd6h2]} 23. g3 Re7 24. Rfd1 {[%cal Rd2d3]} Red7 {[#]} 25. Re1 $40 {[%mdl 128] Weiss riecht Blut.} (25. h4 $142 $1) 25... Qg6 $16 26. Re4 {Tg4 ist eine echte Drohung.} f5 27. Re1 h5 28. Kh1 h4 29. gxh4 Qd6 {[#]} ({Lieber} 29... Qh6) 30. Re5 $1 Rf7 31. Rd1 d2 (31... Kh7 $16 {war angesagt.} 32. Qh5+ Kg8) 32. Rxd2 $18 Qxd2 33. Bxd2 Bxe5 34. Bg5 Rdd7 35. Qe2 Bc7 36. Kg2 f4 {Weiss muss nun ...f3+ beachten.} 37. Kf3 Ba5 $2 (37... Bd6 {kämpft weiter.} 38. h5 Bf8) 38. Qe8+ Kh7 39. Qe4+ Kg8 40. Qe8+ Kh7 41. Qe4+ Kg8 42. h5 Bc3 43. Qe8+ Kh7 44. Qe4+ Kg8 $1 45. h6 gxh6 46. Bxh6 Bg7 47. Bxg7 Kxg7 {[%mdl 4096] Endspiel KD-KTT} 48. Qe5+ Kh7 49. Qh5+ Kg7 50. Qxc5 Rd3+ 51. Kg4 f3 52. Kg3 {Weiß steht klar auf Gewinn.} Rd1 53. Kh2 Kg6 54. Qe3 a5 (54... Rdd7 $142 55. c5 Kh7) 55. c5 Rd8 56. a3 {[%cal Ba2a3,Ba3b4,Bb4b5][%mdl 32]} Rf6 57. b4 axb4 58. axb4 Kf7 59. b5 {Precision: Weiß = 70%, Schwarz = 35%.} 1-0

[Event "SWE-ch 2018"]
[Site "Ronneby"]
[Date "2018.07.05"]
[Round "6"]
[White "Tikkanen, Hans"]
[Black "Cramling, Pia"]
[Result "1/2-1/2"]
[WhiteElo "2495"]
[BlackElo "2452"]
[Annotator "ChessBase"]
[PlyCount "42"]
[EventDate "2018.06.30"]
[EventType "tourn"]
[EventCountry "SWE"]
[SourceTitle "playchess.com"]
[Source "ChessBase"]
[SourceQuality "1"]
[TimeControl "40/5400+30:1800+30"]

1. d4 {[%emt 0:00:00]} Nf6 {[%emt 0:00:00]} 2. Nf3 {[%emt 0:00:00]} d5 {[%emt 0:01:10]} 3. Bf4 {[%emt 0:00:01]} c5 {[%emt 0:00:17]} 4. e3 {[%emt 0:00:06]} Nc6 {[%emt 0:00:06]} 5. Nbd2 {[%emt 0:00:24]} cxd4 {[%emt 0:12:48]} 6. exd4 {[%emt 0:00:18]} g6 {[%emt 0:00:20]} 7. h3 {[%emt 0:09:04]} Bg7 {[%emt 0:00:51]} 8. c3 {[%emt 0:02:15]} Bf5 {[%emt 0:04:58]} 9. Be2 {[%emt 0:26:53]} O-O {[%emt 0:03:56]} 10. O-O {[%emt 0:00:08]} h6 {[%emt 0:07:44]} 11. Ne5 {[%emt 0:14:01]} Nxe5 {[%emt 0:06:21]} 12. Bxe5 {[%emt 0:00:53]} Ne4 {[%emt 0:04:45]} 13. Bxg7 {[%emt 0:01:16]} Kxg7 {[%emt 0:00:05]} 14. Nxe4 {[%emt 0:14:27]} Bxe4 {[%emt 0:00:16]} 15. f3 {[%emt 0:10:48]} Bf5 {[%emt 0:00:15]} 16. g4 {[%emt 0:00:03]} Qd6 {[%emt 0:00:40]} 17. gxf5 {[%emt 0:11:06]} Qg3+ {[%emt 0:00:10]} 18. Kh1 {[%emt 0:00:01]} Qxh3+ {[%emt 0:00:08]} 19. Kg1 {[%emt 0:00:02]} Qg3+ {[%emt 0:00:07]} 20. Kh1 {[%emt 0:00:01]} Qh3+ {[%emt 0:00:05]} 21. Kg1 {[%emt 0:00:04]} Qg3+ 1/2-1/2

[Event "SWE-ch 2018"]
[Site "Ronneby"]
[Date "2018.07.05"]
[Round "6"]
[White "Smith, Axel"]
[Black "Blomqvist, Erik"]
[Result "1/2-1/2"]
[WhiteElo "2491"]
[BlackElo "2505"]
[Annotator "TA"]
[PlyCount "92"]
[EventDate "2018.06.30"]
[EventType "tourn"]
[EventCountry "SWE"]
[SourceTitle "playchess.com"]
[Source "ChessBase"]
[SourceQuality "1"]

{[%evp 21,92,0,18,14,8,7,5,10,6,10,4,6,13,14,12,8,6,7,18,0,0,0,0,0,0,0,0,0,0,0,1,0,0,0,0,-7,0,0,0,0,0,0,0,0,0,0,0,-71,-75,-67,0,0,0,0,0,0,0,5,173,0,0,0,0,0,0,0,0,0,0,0,0,0,0]} 1. d4 d5 2. c4 e6 3. Nc3 Bb4 4. a3 Bxc3+ 5. bxc3 Nf6 6. e3 c6 7. Nf3 O-O 8. Bd3 {E51: Nimzo-Indian: Rubinstein: 4...0-0 5 Nf3 d5} b6 9. cxd5 cxd5 10. Qe2 Bb7 11. Bb2 Qc8 {LiveBook: 4 Games} 12. Rc1 Ba6 13. c4 Bxc4 14. Bxc4 dxc4 15. Rxc4 {[#]} Qb7 $146 ({Predecessor:} 15... Qa6) 16. O-O Nbd7 17. Rfc1 Rfc8 18. a4 a6 19. Ne1 {[%cal Bf3e1,Be1d3,Bd3c5][%mdl 32]} h6 20. h3 Rxc4 21. Qxc4 b5 22. axb5 axb5 23. Qc2 Nb6 24. Nd3 Nc4 25. Nc5 Qc6 26. Qb3 Nd7 27. Nxd7 Qxd7 28. e4 f5 29. exf5 exf5 30. Re1 Re8 31. Rxe8+ Qxe8 32. Bc3 Qd7 33. Qd1 Nb6 34. g4 (34. Qd3 $11 {remains equal.}) 34... Nd5 $17 35. Bd2 f4 (35... fxg4 $15 36. hxg4 Qe6) 36. Qc1 g5 37. Qc5 Kf7 38. Bb4 Ke6 39. Ba3 {aiming for Qf8.} f3 $2 {[#]} (39... Nf6 $1 $11 {and Black stays safe.}) 40. Qc2 $2 (40. Qf8 $18 {[%csl Gg4][%cal Rf8f5]} b4 41. Bxb4 (41. Qxh6+ Nf6 $16) 41... Nxb4 42. Qxb4 (42. Qxh6+ Kd5 $11)) 40... b4 $11 {The position is equal.} 41. Qg6+ Ke7 42. Qg7+ Ke8 43. Qh8+ Ke7 44. Qg7+ Ke8 45. Qg8+ Ke7 46. Qg7+ Ke8 {Precision: White = 67%, Black = 68%.} 1/2-1/2

[Event "SWE-ch 2018"]
[Site "Ronneby"]
[Date "2018.07.05"]
[Round "6"]
[White "Von Bahr, Oskar"]
[Black "Hillarp Persson, Tiger"]
[Result "0-1"]
[WhiteElo "2434"]
[BlackElo "2534"]
[Annotator "ChessBase"]
[PlyCount "80"]
[EventDate "2018.06.30"]
[EventType "tourn"]
[EventCountry "SWE"]
[SourceTitle "playchess.com"]
[Source "ChessBase"]
[SourceQuality "1"]
[TimeControl "40/5400+30:1800+30"]

1. c4 {[%emt 0:00:00]} c5 {[%emt 0:00:00]} 2. g3 {[%emt 0:00:27]} g6 {[%emt 0:00:46]} 3. Bg2 {[%emt 0:00:12]} Bg7 {[%emt 0:00:05]} 4. Nc3 {[%emt 0:00:09]} Nc6 {[%emt 0:00:36]} 5. Nf3 {[%emt 0:00:56]} d6 {[%emt 0:00:10]} 6. a3 {[%emt 0:01:58]} Qd7 {[%emt 0:01:17]} 7. O-O {[%emt 0:02:55]} h5 {[%emt 0:07:30]} 8. h4 {[%emt 0:03:54]} Nh6 {[%emt 0:02:19]} 9. Rb1 {[%emt 0:02:42]} b6 {[%emt 0:00:19]} 10. b4 {[%emt 0:09:17]} Bb7 {[%emt 0:00:43]} 11. Nb5 {[%emt 0:10:13]} Nf5 {[%emt 0:23:14]} 12. Bb2 {[%emt 0:05:28]} Bxb2 {[%emt 0:10:01]} 13. Rxb2 {[%emt 0:01:07]} Ncd4 {[%emt 0:01:17]} 14. Nfxd4 {[%emt 0:05:09]} cxd4 {[%emt 0:10:49]} 15. e4 {[%emt 0:06:38]} a6 {[%emt 0:15:27]} 16. exf5 {[%emt 0:00:55]} Bxg2 {[%emt 0:00:23]} 17. Kxg2 {[%emt 0:03:34]} axb5 {[%emt 0:00:07]} 18. Qf3 {[%emt 0:07:24]} O-O {[%emt 0:04:33]} 19. cxb5 {[%emt 0:04:10]} Qxf5 {[%emt 0:06:50]} 20. Qxf5 {[%emt 0:01:11]} gxf5 {[%emt 0:00:08]} 21. Ra1 {[%emt 0:05:15]} Ra4 {[%emt 0:00:07]} 22. Kf3 {[%emt 0:05:27]} Rc8 {[%emt 0:03:15]} 23. Ke2 {[%emt 0:06:59]} Kg7 {[%emt 0:01:32]} 24. Kd3 {[%emt 0:03:40]} e5 {[%emt 0:00:23]} 25. Raa2 {[%emt 0:03:36]} Kf6 {[%emt 0:02:53]} 26. Rc2 {[%emt 0:02:36]} Rca8 {[%emt 0:02:43]} 27. Rc6 {[%emt 0:01:20]} Rxa3+ {[%emt 0:00:05]} 28. Rxa3 {[%emt 0:00:03]} Rxa3+ {[%emt 0:00:08]} 29. Kc4 {[%emt 0:00:43]} Ke6 {[%emt 0:00:07]} 30. Rxb6 {[%emt 0:00:26]} Ra2 {[%emt 0:00:18]} 31. Ra6 {[%emt 0:01:58]} Rc2+ {[%emt 0:05:09]} 32. Kd3 {[%emt 0:01:33]} Rb2 {[%emt 0:00:53]} 33. Kc4 {[%emt 0:00:19]} Rc2+ {[%emt 0:01:26]} 34. Kb3 {[%emt 0:01:58]} Rxd2 {[%emt 0:00:31]} 35. Ra7 {[%emt 0:00:07]} Rd3+ {[%emt 0:00:25]} 36. Ka4 {[%emt 0:01:12]} Rc3 {[%emt 0:00:26]} 37. b6 {[%emt 0:00:25]} d3 {[%emt 0:00:15]} 38. b7 {[%emt 0:01:22]} d2 {[%emt 0:00:09]} 39. b8=Q {[%emt 0:00:17]} d1=Q+ {[%emt 0:00:09]} 40. Kb5 {[%emt 0:01:35]} Qd5+ {[%emt 0:01:11]} 0-1